Statystyki dla Wszystkie dobre postacie z "Skibidi Toilet"

Kliknij tutaj aby rozwiązać quiz!

Ogólne statystyki

  • Ten quiz został rozwiązany 237 razy
    (219 od ostatniego zresetowania)
  • Średni wynik to 11 z 36

Statystyki odpowiedzi

Pierwszy OdcinekRasaPostać% Poprawnych
7 (1)CameramanCameraman
89%
39TV ManTV Man
79%
24SpeakermanSpeakerman
71%
18CameramanTitan Cameraman
66%
50CameramanUpgraded Titan Cameraman
66%
11 (3)CameramanLarge Cameraman
63%
44TV ManCinemaman
62%
41TV ManTitan TV Man
61%
26SpeakermanTitan Speakerman
59%
56SpeakermanUpgraded Titan Speakerman
59%
24SpeakermanLarge Speakerman
52%
40TV ManLarge TV Man
52%
49TV ManTV Woman
51%
29CameramanCamerawoman
45%
43 (26)CameramanNinja Cameraman
45%
23CameramanScientist Cameraman
21%
8 (2)CameramanBlack Cameraman
17%
24SpeakermanBlack Speakerman
16%
25SpeakermanStrider Speaker
16%
13CameramanCamera Strider
15%
36CameramanLarge Scientist Cameraman
13%
49CameramanSimp Cameraman (Brown Coated)
12%
16CameramanCamera Toilet
10%
24SpeakermanHelicopter Speaker
10%
31SpeakermanScientist Speakerman
10%
27CameramanCamera Rover
7%
52CameramanMedic Cameraman
7%
52CameramanBlack Camerawoman
5%
61SpeakermanBlack Speakerwoman
5%
23CameramanEngineer Cameraman
5%
23CameramanCamera Drone
4%
54CameramanCamera Mech
3%
44SpeakermanBlack Helicopter Speaker
2%
44SpeakermanLarge Black Helicopter Speaker
2%
49CameramanSus Cameraman (Red Tied)
2%
58SpeakermanBrown Coated Speakerman
1%

Rozkład punktacji

Percentyl według liczby udzielonych odpowiedzi

Procent ludzi z każdym wynikiem

Twoja historia wyników

Nie rozwiązałeś tego quizu od ostatniego zresetowania